El universo está cerca /
Guardado en:
| Autor Principal: | |
|---|---|
| Formato: | Libro |
| Idioma: | Undetermined |
| Publicado: |
Buenos Aires :
Ediciones Feria,
1945.
|
| Materias: | |
| Etiquetas: |
Agregar Etiqueta
Sin Etiquetas, Sea el primero en etiquetar este registro!
|
| LEADER | 00467nam a22001575a 4500 | ||
|---|---|---|---|
| 001 | EHU.bham048145 | ||
| 005 | 20110908151342.0 | ||
| 008 | 110908s1945####ag############000#0#und#d | ||
| 100 | 1 | |a Hidalgo, Alberto. | |
| 245 | 0 | 0 | |a El universo está cerca / |c Alberto Hidalgo. |
| 260 | |a Buenos Aires : |b Ediciones Feria, |c 1945. | ||
| 300 | |a 258 p. | ||
| 653 | |a Hombre | ||
| 653 | |a Espíritu | ||
| 653 | |a Porvenir | ||
| 859 | |a AR-BHAM |b BIB. HUMANIDADES - Donacion Lejarraga |h MFN002364 |p 002364.19 | ||
